Situácia na trhu práce

Vývoj a štruktúra obyvateľstva. Základné charakteristiky zamestnanosti a mzdového vývoja v hospodárstve SR. Vývoj nezamestnanosti. Pasívna politika trhu práce. Údaje Štatistického úradu SR.

Saved in:
Bibliographic Details
Main Author: Senderáková, Lucia
Other Authors: Badrňová, Judita
Format: Book Chapter
Language:Slovak
Subjects:
Tags: Add Tag
No Tags, Be the first to tag this record!

MARC

LEADER 00000naa a2200000 4500
001 r035187
005 20231002080603.8
041 0 |a slo 
044 |a SK 
245 1 0 |a Situácia na trhu práce  |c Lucia Senderáková, Judita Badrňová 
520 |a Vývoj a štruktúra obyvateľstva. Základné charakteristiky zamestnanosti a mzdového vývoja v hospodárstve SR. Vývoj nezamestnanosti. Pasívna politika trhu práce. Údaje Štatistického úradu SR. 
610 2 0 |a trh práce 
610 2 0 |a štruktúra obyvateľstva 
610 2 0 |a zamestnanosť 
610 2 0 |a vývoj mzdový 
610 2 0 |a nezamestnanosť 
610 2 0 |a údaje štatistické 
610 2 0 |a Slovensko 
610 2 0 |a 1994-1998 
100 1 |a Senderáková, Lucia 
700 1 |a Badrňová, Judita